000 00819nam a22002657a 4500
001 36602
003 BD-RjUL
005 20211209052517.0
008 140723r20111994ii a|||| |||| 001 0 eng d
020 _a9788126529933
035 _a(BD-RjUL)36703
040 _aBD-RjUL
_beng
_cBD-RjUL
041 _aeng
082 _220
_a632.7
_bINT 2011
245 _aIntroduction to insect pest management /
_cEdited by Robert Lee Metcalf; William Henry Luckmann
250 _a3rd.
260 _aDelhi :
_bWhily India Pvt. Ltd.
_cc1994 [Printing 2011]
300 _a xiii, 650 p. :
_bill. ;
_c25 cm.
504 _aIncludes Index.
650 _aInsect pests
_xControl.
_938483
650 _aPests
_xInsects
_9111548
700 _aMetcalf, Robert Lee
_9111549
700 _a Luckmann, William Henry
_9111550
942 _2ddc
_cBK
999 _c36602
_d36602